000 00481nam a2200133Ia 4500
008 100328s9999 xx 000 0 und d
082 _b64270
100 _aगुजर अनिल.
245 _aएका वाईट माणसाची गूढकथा.
260 _bनिशिगंाा.
630 _aएका वाईट माणसाची गूढकथा.
730 _aएका वाईट माणसाची गूढकथा.
942 _cBOOK
999 _c550070
_d550067